Flagi z Ptakami - Statystyki

Ogólne statystyki
  • Ten quiz został rozwiązany 127 razy
  • Średni wynik to 6 z 18
Statystyki odpowiedzi
Państwo % Poprawnych
Meksyk
65%
Albania
49%
Mołdawia
46%
Dominika
44%
Egipt
41%
Czarnogóra
40%
Papua-Nowa Gwinea
38%
Serbia
38%
Zambia
38%
Ekwador
37%
Kazachstan
37%
Kiribati
34%
Zimbabwe
33%
Gwatemala
27%
Uganda
27%
Fidżi
20%
Boliwia
19%
Brunei
14%
Nie znaleziono quizów pasujących do podanych kryteriów
Rozkład punktacji
Procent ludzi z każdym wynikiem
Percentyl według liczby udzielonych odpowiedzi
Twoja historia wyników
Nie rozwiązałeś tego quizu